00671 2200253 4500001002100000008004100021035002000062245004400082100001500126260003200141300001100173020002200184084001600206082000800222650002100230990001900251990002100270990002100291990002100312990002100333990002100354990002100375990002100396INLIS000000000001403 ind  a0010-0724001403 aAyo Berkreasi Membuat Boneka KayucTina aTina, Dini aBandung :bGlobalindoc2009 a58 hlm a978-979-749-086-7 a745.5 TIN a a745 aKerajinan Tangan aP29/CP/24/1403 aP29/CP/24/1403.1 aP29/CP/24/1403.2 aP29/CP/24/1403.3 aP29/CP/24/1403.4 aP29/CP/24/1403.5 aP29/CP/24/1403.6 aP29/CP/24/1403.7